| 000 | 00861nac a22002171u 4500 | ||
|---|---|---|---|
| 010 | _a 99027530 | ||
| 020 | _a0314631518 (hc. : alk. paper) | ||
| 020 | _a0314631518 : | ||
| 082 | 0 | 0 |
_a658.4 _bA5451 |
| 090 |
_c4734 _d4734 |
||
| 100 | _aAnderson, David Ray, | ||
| 245 | 1 | 3 |
_aAn introduction to management science : _bquantitative approaches to decision making / _cDavid R. Anderson, Dennis J. Sweeney, Thomas A. Williams. |
| 250 | _a3th ed. | ||
| 260 |
_aCincinnati : _bSouth-Western College Pub.,1982. _c1982. |
||
| 300 |
_avi, 630p. : _bill. ; _c27 cm. |
||
| 650 | 0 | _aManagement science. | |
| 700 | 1 | _aSweeney, Dennis J. | |
| 700 | 1 |
_aWilliams, Thomas Arthur, _d1944- |
|
| 942 |
_cBB _k658.4A5451 |
||
| 999 |
_c4734 _d4734 |
||